Textbook of pharmacognosy and phytochemistry / (Record no. 278904)
[ view plain ]
| 000 -LEADER | |
|---|---|
| fixed length control field | 00493nam a22001697a 4500 |
| 005 - DATE AND TIME OF LATEST TRANSACTION | |
| control field | 20150128100040.0 |
| 008 - FIXED-LENGTH DATA ELEMENTS--GENERAL INFORMATION | |
| fixed length control field | 150128b xxu||||| |||| 00| 0 eng d |
| 020 ## - INTERNATIONAL STANDARD BOOK NUMBER | |
| International Standard Book Number | 9788131222980 |
| 050 ## - LIBRARY OF CONGRESS CALL NUMBER | |
| Classification number | RS 164 |
| Item number | .Sh525 2010 |
| 100 ## - MAIN ENTRY--PERSONAL NAME | |
| Personal name | Shah, Biren. |
| 245 ## - TITLE STATEMENT | |
| Title | Textbook of pharmacognosy and phytochemistry / |
| Statement of responsibility, etc | Biren Shah and A.K. Seth. |
| 250 ## - EDITION STATEMENT | |
| Edition statement | 1st ed. |
| 260 ## - PUBLICATION, DISTRIBUTION, ETC. (IMPRINT) | |
| Place of publication, distribution, etc | India : |
| Name of publisher, distributor, etc | Elsevier, |
| Date of publication, distribution, etc | c2010. |
| 300 ## - PHYSICAL DESCRIPTION | |
| Extent | 578 pages : |
| Other physical details | illustrations ; |
| Dimensions | 28 cm. |
| 521 ## - TARGET AUDIENCE NOTE | |
| Target audience note | Pharmacy |
| 942 ## - ADDED ENTRY ELEMENTS (KOHA) | |
| Source of classification or shelving scheme | Library of Congress Classification |
| Koha item type | Books |
| Withdrawn status | Lost status | Source of classification or shelving scheme | Damaged status | Home library | Current library | Shelving location | Date acquired | Source of acquisition | Cost, normal purchase price | Total Checkouts | Full call number | Barcode | Date last seen | Date checked out | Price effective from | Koha item type | Total Renewals |
|---|---|---|---|---|---|---|---|---|---|---|---|---|---|---|---|---|---|
| Library of Congress Classification | South SEED-LPDH College Library | South SEED-LPDH College Library | South SEED-LPDH College Section | 01/28/2015 | Library Fund | 1325.00 | 2 | RS 164 .Sh525 2010 | SSLC1380 | 04/20/2017 | 07/15/2015 | 01/28/2015 | Books | ||||
| Library of Congress Classification | South SEED-LPDH College Library | South SEED-LPDH College Library | South SEED-LPDH College Section | 01/28/2015 | Library Fund | 1325.00 | 1 | RS 164 .Sh525 2010 | SSLC1376 | 04/20/2017 | 08/26/2015 | 01/28/2015 | Books | 15 |